000 00510nam a2200181Ia 4500
005 20250326124416.0
008 250326s9999 xx 000 0 und d
037 _aTextbook
040 _aFMSL
_beng
_cFMSL
041 _aeng
_2eng
084 _aX:75 L7
_qFMSL
100 _aWarren E K
_9329127
245 0 _aLong-range planning: executive viewpoint
_cWarren E K
260 _aNew Jersey
_bNew Jersey, Prentice-Hall
_c1977
300 _a108p
942 _cTB
_hX:75 L7
999 _c1273599
_d1273599